LEADER 02961nam 2200397 450 001 9910727288803321 005 20240215192439.0 010 $a1-83768-090-6 024 7 $a10.5772/intechopen.104271 035 $a(CKB)5680000000309783 035 $a(NjHacI)995680000000309783 035 $a(EXLCZ)995680000000309783 100 $a20240215d2023 uy 0 101 0 $aeng 135 $aur||||||||||| 181 $ctxt$2rdacontent 182 $cc$2rdamedia 183 $acr$2rdacarrier 200 00$aArbuscular mycorrhizal fungi in agriculture $enew insights /$fedited by Rodrigo Nogueira de Sousa 210 1$aLondon :$cIntechOpen,$d2023. 215 $a1 online resource (272 pages) 311 $a1-83768-089-2 327 $a1. Introductory Chapter: Mycorrhizal Fungi - A Current Overview on Agricultural Productivity and Soil Health -- 2. Factors Affecting Mycorrhizal Activity -- 3. Recent Advances in Plant: Arbuscular Mycorrhizal Fungi Associations and Their Application to Cassava Crops -- 4. Mitigating Climate Change: The Influence of Arbuscular Mycorrhizal Fungi on Maize Production and Food Security -- 5. Saffron Endomycorrhizae: Diversity and Effect on Plant Growth and Corm Formation -- 6. AM Fungi as a Potential Biofertilizer for Abiotic Stress Management -- 7. Mycorrhizal Association and Plant Disease Protection: New Perspectives -- 8. Role of Mycorrhizae in Crop Protection -- 9. Arbuscular Mycorrhizal Fungi (AMF) in Optimizing Nutrient Bioavailability and Reducing Agrochemicals for Maintaining Sustainable Agroecosystems -- 10. Ectomycorrhizal Fungi as Biofertilizers in Forestry -- 11. Plant Microbiome and Mycorrhizal Fungi -- 12. Role of Non-Coding RNAs in Plant Nutrition through Mycorrhizal Interactions -- 13. Receptor Kinases and Signal Pathway in the Arbuscular Mycorrhizal Symbiosis -- 14. Diversity of Arbuscular Mycorrhizal Fungi in the Rhizosphere of Argania spinosa in Morocco. 330 $aA mycorrhizae is a symbiotic relationship between plants and fungi. Mycorrhizal fungi play important roles in plant root systems and soil biology and chemistry. Arbuscular Mycorrhizal Fungi in Agriculture - New Insights provides a comprehensive overview of arbuscular mycorrhizae. It is divided into three sections: "The Role of Mycorrhizae Fungi in Plant Growth", "The Effect of Mycorrhizae on Plant Nutrition and Protection" and "Mycorrhizae Biology and Development". Chapters provide a better understanding of these fungi, their application and management, and their effects on different types of plants. 606 $aMycorrhizal fungi 606 $aVesicular-arbuscular mycorrhizas 615 0$aMycorrhizal fungi. 615 0$aVesicular-arbuscular mycorrhizas. 676 $a631.46 702 $aSousa$b Rodrigo Nogueira de 801 0$bNjHacI 801 1$bNjHacl 906 $aBOOK 912 $a9910727288803321 996 $aArbuscular Mycorrhizal Fungi in Agriculture$93558040 997 $aUNINA LEADER 01928oam 2200529zu 450 001 9910375918603321 005 20210807002003.0 035 $a(CKB)3170000000002317 035 $a(SSID)ssj0000753076 035 $a(PQKBManifestationID)12309519 035 $a(PQKBTitleCode)TC0000753076 035 $a(PQKBWorkID)10813010 035 $a(PQKB)10982644 035 $a(Association for Computing Machinery)10.1145/1014052 035 $a(EXLCZ)993170000000002317 100 $a20160829d2004 uy 101 0 $aeng 135 $aurnn|008mam|a 181 $ctxt 182 $cc 183 $acr 200 10$aKDD-2004 : proceedings of the tenth ACM SIGKDD International Conference on Knowledge Discovery and Data Mining : August 22-25, 2004, Seattle, Washington, USA 210 31$a[Place of publication not identified]$cACM Press$d2004 215 $a1 online resource (874 p.;) 225 1 $aACM Conferences 300 $aBibliographic Level Mode of Issuance: Monograph 311 $a1-58113-888-1 410 0$aACM Conferences 517 3 $aKDD '04 606 $aDatabase management$vCongresses 606 $aData mining$vCongresses 606 $aEngineering & Applied Sciences$2HILCC 606 $aComputer Science$2HILCC 615 0$aDatabase management 615 0$aData mining 615 7$aEngineering & Applied Sciences 615 7$aComputer Science 676 $a005.74 700 $aKim$b Won$052518 702 $aKohavi$b Ron 712 02$aAssociation for Computing Machinery Special Interest Group on Knowledge Discovery & Data Mining, 712 12$aInternational Conference on Knowledge Discovery & Data Mining 801 0$bPQKB 906 $aBOOK 912 $a9910375918603321 996 $aKDD-2004 : proceedings of the tenth ACM SIGKDD International Conference on Knowledge Discovery and Data Mining : August 22-25, 2004, Seattle, Washington, USA$91909777 997 $aUNINA